Central Library OPAC University of Rajshahi

The woodlanders / (Record no. 55775)

MARC details
000 -LEADER
fixed length control field 00723nam a2200241 a 4500
001 - CONTROL NUMBER
control field 55775
003 - CONTROL NUMBER IDENTIFIER
rucl marc code BD-RjUL
005 - DATE AND TIME OF LATEST TRANSACTION
control field 20211209080319.0
008 - FIXED-LENGTH DATA ELEMENTS--GENERAL INFORMATION
fixed length control field 880808s1939 enk 000 1 eng
035 ## - SYSTEM CONTROL NUMBER
System control number (BD-RjUL)55899
040 ## - CATALOGING SOURCE
Original cataloging agency DLC
Transcribing agency DLC
Modifying agency BD-RjUL
Language of cataloging eng
041 ## - LANGUAGE CODE
Language code of text/sound track or separate title eng
082 ## - DEWEY DECIMAL CLASSIFICATION NUMBER
Edition number 23
Classification number 823.8
Author mark and year HAW 1939
100 1# - MAIN ENTRY--PERSONAL NAME
Personal name Hardy, Thomas,
Dates associated with a name 1840-1928.
9 (RLIN) 166090
245 14 - TITLE STATEMENT
Title The woodlanders /
Statement of responsibility, etc. Thomas Hardy
260 ## - PUBLICATION, DISTRIBUTION, ETC. (IMPRINT)
Place of publication, distribution, etc. London :
Name of publisher, distributor, etc. Macmillan,
Date of publication, distribution, etc. 1939
300 ## - PHYSICAL DESCRIPTION
Pagination vii, 459 p. ;
Size 23 cm
651 ## - SUBJECT ADDED ENTRY--GEOGRAPHIC NAME
Geographic name England
General subdivision Dorset
9 (RLIN) 166091
General subdivision Triangles (Interpersonal relations)
9 (RLIN) 165754
General subdivision Forests and forestry
9 (RLIN) 166092
830 #0 - SERIES ADDED ENTRY--UNIFORM TITLE
Uniform title New Wessex edition of the stories of Thomas Hardy
942 ## - ADDED ENTRY ELEMENTS (KOHA)
Source of classification or shelving scheme Dewey Decimal Classification
Koha item type Books
Holdings
Lost status Source of classification or shelving scheme Damaged status Not for loan Collection code Permanent Location Current Location Shelving location Date acquired Source of acquisition Total Checkouts Full call number Date last seen Copy number Koha item type
  Dewey Decimal Classification     Non-fiction Central Library, University of Rajshahi Central Library, University of Rajshahi   29/10/1990 Showkot Osman, Dhaka   823.8 HAW 1939 21/11/2016 C-2 Books
  Dewey Decimal Classification   Not For Loan Non-fiction Central Library, University of Rajshahi Central Library, University of Rajshahi Reading Room 23/01/2024     823.8 HAW 1939 23/01/2024 C-1 Books